[Event "Reykjavik Open"]
[Site "Reykjavik ISL"]
[Date "2012.03.06"]
[Round "1.5"]
[White "Myrstad, Odd Magnus"]
[Black "Sokolov, Ivan"]
[Result "0-1"]
[BlackTitle "GM"]
[WhiteElo "2091"]
[BlackElo "2653"]
[WhiteFideId "1504851"]
[BlackFideId "14400030"]
[EventDate "2012.03.06"]

1. e4 g6 2. d4 Bg7 3. Nf3 d6 4. h3 a6 5. c3 Nc6 6. Bc4 Nf6 7. Nbd2 O-O 8. O-O
Nxe4 9. Bxf7+ Rxf7 10. Nxe4 h6 11. Re1 e6 12. Be3 Ne7 13. Qd2 Qf8 14. Qe2 Bd7
15. Rad1 Re8 16. Bc1 Ba4 17. b3 Bc6 18. c4 b5 19. c5 Nd5 20. Nh4 Rf6 21. cxd6
cxd6 22. Nxf6+ Qxf6 23. Nf3 Nc3 24. Qc2 b4 25. Rd3 Rc8 26. Rde3 Bd7 27. Qd2 Nd5
28. Re4 Rc3 29. Nh2 g5 30. Qe2 Rc6 31. Ng4 Qg6 32. Bd2 Rc2 33. Qd3 Rxa2 34. Ne3
Rxd2 35. Nxd5 Rxd3 36. Ne7+ Kf7 37. Nxg6 Kxg6 38. Ra1 Rxd4 39. Rxd4 Bxd4 40.
Rxa6 Bc5 41. Ra8 e5 42. Rf8 Be6 0-1

[Event "Reykjavik Open"]
[Site "Reykjavik ISL"]
[Date "2012.03.06"]
[Round "1.7"]
[White "Ragnarsson, Johann"]
[Black "Hess, Robert L"]
[Result "0-1"]
[BlackTitle "GM"]
[WhiteElo "2082"]
[BlackElo "2635"]
[WhiteFideId "2301040"]
[BlackFideId "2022036"]
[EventDate "2012.03.06"]

1. d4 g6 2. c4 Bg7 3. Nc3 c5 4. d5 Bxc3+ 5. bxc3 f5 6. h4 Nf6 7. h5 Rg8 8. hxg6
hxg6 9. Nh3 Qa5 10. Bd2 d6 11. Ng5 Nbd7 12. Qc2 Ne5 13. e3 Bd7 14. Qb2 O-O-O 15.
O-O-O Qa6 16. Qb3 Ba4 17. Qa3 Nxc4 18. Bxc4 Qxc4 19. Rde1 Nxd5 20. Rh6 Nb6 21.
Reh1 Qd3 0-1

[Event "Reykjavik Open"]
[Site "Reykjavik ISL"]
[Date "2012.03.06"]
[Round "1.9"]
[White "Jonsson, Pall Leo"]
[Black "Kuzubov, Yuriy"]
[Result "0-1"]
[BlackTitle "GM"]
[WhiteElo "2057"]
[BlackElo "2615"]
[WhiteFideId "2302365"]
[BlackFideId "14112906"]
[EventDate "2012.03.06"]

1. Nf3 d5 2. d4 Nf6 3. c4 e6 4. Nc3 Bb4 5. Qc2 O-O 6. e3 c5 7. cxd5 exd5 8. dxc5
Nc6 9. Bd3 Bxc5 10. O-O Bg4 11. Be2 Qe7 12. a3 Rfd8 13. b4 Bb6 14. Bb2 d4 15.
exd4 Bxf3 16. Bxf3 Nxd4 17. Qd1 Rac8 18. Rc1 Qd7 19. g3 h5 20. Bg2 Qf5 21. Na4
Rxc1 22. Bxc1 Qe6 23. Be3 Nf5 24. Qf3 Bxe3 25. fxe3 Qxe3+ 26. Qxe3 Nxe3 27. Re1
Nxg2 28. Kxg2 Rd2+ 29. Kg1 Ra2 30. Nc3 Rxa3 31. Nb5 Ra4 32. Re7 a6 33. Nd6 Rxb4
34. Nxb7 Rb1+ 35. Kg2 Rb2+ 36. Kg1 Rd2 37. Nc5 a5 38. Ra7 Ra2 39. Nb7 a4 40. Nd8
a3 41. Nxf7 Ne4 42. Ne5 Nc3 43. Nc4 Ra1+ 44. Kg2 a2 45. Nd2 Rd1 46. Nb3 Rb1 0-1

[Event "Reykjavik Open"]
[Site "Reykjavik ISL"]
[Date "2012.03.06"]
[Round "1.11"]
[White "Edvardsen, Ragnar"]
[Black "L'Ami, Erwin"]
[Result "0-1"]
[BlackTitle "GM"]
[WhiteElo "2045"]
[BlackElo "2611"]
[WhiteFideId "1502719"]
[BlackFideId "1007998"]
[EventDate "2012.03.06"]

1. e4 c5 2. Nf3 d6 3. d4 cxd4 4. Nxd4 Nf6 5. Nc3 a6 6. Bc4 e6 7. Bb3 Nbd7 8. Be3
Nc5 9. Qf3 b5 10. Bg5 Bb7 11. Bxf6 Qxf6 12. Qxf6 gxf6 13. f3 h5 14. Rd1 Bh6 15.
a4 b4 16. Na2 a5 17. Nb5 Ke7 18. Kf2 Rhd8 19. Rhe1 Rac8 20. Na7 Ra8 21. Nb5 Nxb3
22. cxb3 Rac8 23. Nd4 d5 24. exd5 Rxd5 25. Nb5 Rxd1 26. Rxd1 Rc2+ 27. Kg3 Rxb2
28. Ra1 e5 29. Nc1 Bf4+ 0-1

[Event "Reykjavik Open"]
[Site "Reykjavik ISL"]
[Date "2012.03.06"]
[Round "1.15"]
[White "Haga, Halvor"]
[Black "Maze, Sebastien"]
[Result "0-1"]
[BlackTitle "GM"]
[WhiteElo "2032"]
[BlackElo "2577"]
[WhiteFideId "1507532"]
[BlackFideId "613762"]
[EventDate "2012.03.06"]

1. f4 c5 2. Nf3 Nc6 3. e3 g6 4. Be2 Bg7 5. O-O d5 6. d3 Nh6 7. Qe1 Nf5 8. a4 b6
9. c3 e6 10. e4 Nfe7 11. Na3 Bb7 12. g4 Qd7 13. e5 h5 14. Nb5 Nc8 15. h3 hxg4
16. hxg4 Na5 17. Bd1 a6 18. Na3 c4 19. Nd4 Ne7 20. Bf3 cxd3 21. Qd1 g5 22. Qxd3
gxf4 23. Bxf4 Ng6 24. Qe3 O-O-O 25. Bg3 Qc7 26. Rae1 Rh3 27. Bg2 Rxg3 28. Qxg3
Bxe5 29. Qe3 Rh8 30. Rf3 Bf4 31. Qd3 Ne5 32. Rh3 Nxd3 33. Rxh8+ Kd7 34. Nxe6
fxe6 35. Rh7+ Kd6 36. Rxc7 Nxe1 37. Rf7 Be3+ 38. Kf1 Nxg2 39. b4 Nc4 40. Nxc4+
dxc4 41. Rxb7 Nf4 42. Ra7 Nd5 43. a5 Kc6 44. Ke2 Kb5 45. Rd7 Bg5 46. axb6 Kxb6
47. Rd6+ Kc7 48. Rxa6 Nxc3+ 49. Kf3 Nb5 50. Ke4 Nd6+ 51. Ke5 c3 52. Ra7+ Kb6 53.
Ra2 Nb5 54. Kxe6 c2 55. Rxc2 Nd4+ 56. Ke5 Nxc2 57. Kf5 Bd8 58. Kg6 Nd4 59. Kh5
Nf3 60. Kh6 Bg5+ 61. Kg6 Kb5 62. Kf5 Kxb4 63. Ke4 Nh4 64. Kd5 Ng6 65. Ke4 Ne7
66. Ke5 Kc5 67. Ke6 Kd4 68. Kd6 Nd5 69. Kc6 Ke5 70. Kb7 Kd6 71. Kb8 Kc6 72. Ka7
Nc7 73. Kb8 Nb5 74. Ka8 Be3 75. g5 Kc7 76. g6 Kc8 77. g7 Nc7# 0-1

[Event "Reykjavik Open"]
[Site "Reykjavik ISL"]
[Date "2012.03.06"]
[Round "1.17"]
[White "Shepherd, Michael"]
[Black "Ipatov, Alexander"]
[Result "0-1"]
[BlackTitle "GM"]
[WhiteElo "2011"]
[BlackElo "2561"]
[WhiteFideId "2401444"]
[BlackFideId "14116731"]
[EventDate "2012.03.06"]

1. Nf3 d5 2. e3 c5 3. b3 Nf6 4. Bb2 g6 5. Be2 Bg7 6. O-O O-O 7. d3 b6 8. Nbd2
Bb7 9. Ne5 Ne8 10. f4 Nd6 11. Bf3 Re8 12. e4 e6 13. Qc1 Na6 14. a4 Rc8 15. g3
Nb4 16. Bg2 a5 17. Ng4 d4 18. Ne5 f5 19. Nec4 Nf7 20. Ba3 Nc6 21. Rf2 Nh6 22. e5
Nf7 23. Qf1 Ba8 24. Re1 Ne7 25. Nd6 Bxg2 26. Qxg2 Nxd6 27. exd6 Qxd6 28. Nc4 Qc6
29. Rfe2 Nd5 30. Bb2 Bf6 31. Bc1 Nc3 32. Rf2 Qxg2+ 33. Kxg2 Rc6 34. Bd2 Nd5 35.
Rfe2 Kf7 36. Kf3 Rg8 37. h4 Ne7 38. Rh1 Nc8 39. Rhe1 Re8 40. g4 fxg4+ 41. Kxg4
Nd6 42. Nxd6+ Rxd6 43. Re4 Rd5 44. R1e2 Rf5 45. Be1 Bd8 46. Bd2 Bc7 47. Bc1 Rf6
48. Bd2 Rd8 49. Be1 Rd5 50. Bf2 Rff5 51. Bg3 h5+ 52. Kf3 e5 53. Kg2 exf4 54.
Re7+ Kg8 0-1

[Event "Reykjavik Open"]
[Site "Reykjavik ISL"]
[Date "2012.03.06"]
[Round "1.18"]
[White "Steingrimsson, Hedinn"]
[Black "Murray, Mike"]
[Result "1-0"]
[WhiteTitle "GM"]
[WhiteElo "2556"]
[BlackElo "2007"]
[WhiteFideId "2300117"]
[BlackFideId "2609126"]
[EventDate "2012.03.06"]

1. e4 Nc6 2. Nf3 e6 3. d4 d5 4. e5 Nge7 5. c3 Nf5 6. Bd3 Be7 7. h4 h5 8. Qe2 Bd7
9. g3 a6 10. Bg5 Na7 11. a4 g6 12. Nbd2 Nc8 13. O-O Bxg5 14. Nxg5 Qe7 15. Rfc1
Nb6 16. b3 Rc8 17. a5 Na8 18. b4 c6 19. Nb3 Nc7 20. Nc5 Rb8 21. Kg2 Bc8 22. Rh1
Nb5 23. Qd2 Kd8 24. Rh3 Kc7 25. Rah1 Bd7 26. f3 Rbf8 27. Be2 Be8 28. Nd3 Kb8 29.
g4 Ng7 30. Bd1 Ka8 31. Re1 hxg4 32. fxg4 f5 33. exf6 Qxf6 34. Ne5 Nd6 35. Bc2
Ne4 36. Nxe4 dxe4 1-0

[Event "Reykjavik Open"]
[Site "Reykjavik ISL"]
[Date "2012.03.06"]
[Round "1.19"]
[White "Rodriguez Fonseca, Jorge"]
[Black "Stefansson, Hannes"]
[Result "0-1"]
[BlackTitle "GM"]
[WhiteElo "2003"]
[BlackElo "2531"]
[WhiteFideId "2224658"]
[BlackFideId "2300087"]
[EventDate "2012.03.06"]

1. e4 c5 2. Nc3 Nc6 3. f4 e6 4. Nf3 d5 5. Qe2 Be7 6. d3 b5 7. g3 b4 8. Nd1 a5 9.
Bh3 dxe4 10. Qxe4 Bb7 11. O-O Nf6 12. Qe2 Nd4 13. Nxd4 cxd4 14. Bd2 O-O 15. Bg2
Qc7 16. Bxb7 Qxb7 17. Qg2 Qc7 18. Rf2 Ra6 19. Re2 Rc8 20. Be1 a4 21. Bf2 Qd7 22.
h3 Rac6 23. Be1 Nd5 24. b3 Qa7 25. Rb1 axb3 26. axb3 Nc3 27. Bxc3 dxc3+ 28. Ne3
Bc5 29. Qe4 f5 30. Qf3 Rd6 31. d4 Rxd4 32. Kh2 Rd3 33. Rbe1 Bxe3 34. Rxe3 Rxe3 0-1

[Event "Reykjavik Open"]
[Site "Reykjavik ISL"]
[Date "2012.03.06"]
[Round "1.20"]
[White "Libiszewski, Fabien"]
[Black "Bjornsson, Eirikur K."]
[Result "1-0"]
[WhiteTitle "GM"]
[WhiteElo "2523"]
[BlackElo "2000"]
[WhiteFideId "616834"]
[BlackFideId "2301563"]
[EventDate "2012.03.06"]

1. e4 c5 2. Nf3 Nc6 3. Bb5 g6 4. O-O Bg7 5. Re1 Nf6 6. e5 Nd5 7. Nc3 Nc7 8. Bxc6
bxc6 9. d4 cxd4 10. Qxd4 O-O 11. Qh4 f6 12. Bh6 d5 13. exd6 exd6 14. Bxg7 Kxg7
15. Nd4 Bd7 16. Ne4 c5 17. Nxd6 cxd4 18. Nb7 Qb8 19. Re7+ Rf7 20. Rxf7+ Kxf7 21.
Qxh7+ Kf8 22. Nd6 Be6 23. Re1 Qxb2 24. Qxc7 Qb4 25. Rd1 Qb6 26. Qxb6 axb6 27.
Nb5 Rxa2 28. Nxd4 Bd5 29. h4 Kf7 30. f3 Ra8 31. Kf2 Rh8 32. g3 g5 33. Rh1 Rd8
34. Ke3 Re8+ 35. Kd2 Rd8 36. Kc3 Re8 37. hxg5 fxg5 38. Rb1 Rd8 39. Kd3 Ke8 1-0

[Event "Reykjavik Open"]
[Site "Reykjavik ISL"]
[Date "2012.03.06"]
[Round "1.21"]
[White "Palsson, Halldor"]
[Black "Kveinys, Aloyzas"]
[Result "0-1"]
[BlackTitle "GM"]
[WhiteElo "2000"]
[BlackElo "2512"]
[WhiteFideId "2301202"]
[BlackFideId "12800040"]
[EventDate "2012.03.06"]

1. d4 Nf6 2. c4 e6 3. Nf3 Bb4+ 4. Nbd2 O-O 5. a3 Be7 6. e4 d5 7. e5 Nfd7 8. b4
a5 9. b5 c5 10. Bd3 cxd4 11. Qc2 h6 12. cxd5 exd5 13. Nb3 a4 14. Nbxd4 Nc5 15.
Bh7+ Kh8 16. O-O Qb6 17. Bf5 Bxf5 18. Nxf5 Nb3 19. Nxe7 Nxa1 20. Qf5 Qe6 21.
Qxe6 fxe6 22. Ng6+ Kg8 23. Nxf8 Kxf8 24. Nd4 Kf7 25. Bxh6 Nb3 26. Be3 Nd7 27. f4
Rc8 0-1

[Event "Reykjavik Open"]
[Site "Reykjavik ISL"]
[Date "2012.03.06"]
[Round "1.22"]
[White "Williams, Simon K"]
[Black "Kristinsson, Ogmundur"]
[Result "1-0"]
[WhiteTitle "GM"]
[WhiteElo "2506"]
[BlackElo "1997"]
[WhiteFideId "404454"]
[BlackFideId "2304724"]
[EventDate "2012.03.06"]

1. d4 d5 2. c4 dxc4 3. Nf3 e6 4. e3 Nf6 5. Bxc4 Be7 6. O-O O-O 7. Qe2 a6 8. e4
b5 9. Bd3 Bb7 10. e5 Nfd7 11. Rd1 c5 12. dxc5 Qc7 13. Nc3 Nxc5 14. Bc2 b4 15.
Ne4 Nxe4 16. Bxe4 Bxe4 17. Qxe4 Nd7 18. Be3 Nb6 19. Rac1 Qb8 20. Nd4 Nd5 21. Nc6
Qe8 22. Nxe7+ Qxe7 23. Bc5 Qg5 24. Bxf8 Rxf8 25. g3 g6 26. Rc5 Qe7 27. Rdc1 Kg7
28. h4 h5 29. Qc4 Rd8 30. Rc6 a5 31. Qc5 Qb7 32. Qxa5 Ra8 33. Qc5 Rxa2 34. Rc8
Qe7 35. Qb5 Rxb2 36. Qb8 f5 37. Rg8+ Kf7 38. Rcc8 Rb1+ 39. Kh2 1-0

[Event "Reykjavik Open"]
[Site "Reykjavik ISL"]
[Date "2012.03.06"]
[Round "1.24"]
[White "Arnold, Marc T"]
[Black "Johansen, Stian"]
[Result "1-0"]
[WhiteTitle "IM"]
[WhiteElo "2502"]
[BlackElo "1961"]
[WhiteFideId "2022320"]
[BlackFideId "1508121"]
[EventDate "2012.03.06"]

1. d4 g6 2. Nf3 Bg7 3. c4 c5 4. d5 d6 5. e4 Bg4 6. Qa4+ Qd7 7. Qb3 Bxf3 8. Qxf3
Nf6 9. Nc3 Na6 10. h3 O-O 11. Bd3 e6 12. Bg5 Ne8 13. a3 e5 14. g4 Nac7 15. h4 a6
16. h5 h6 17. Be3 g5 18. b4 b6 19. Rb1 Nf6 20. Rg1 Rfb8 21. Kd2 a5 22. bxc5 bxc5
23. Qd1 Na6 24. f3 Rxb1 25. Qxb1 Rb8 26. Qa1 Bf8 27. Rb1 Qc7 28. Nb5 Qb6 29. Kc1
Qd8 30. Na7 Nd7 31. Nc6 Rxb1+ 32. Qxb1 Qb6 33. Qxb6 Nxb6 34. Nxa5 Be7 35. Nc6
Kf8 36. Kc2 Ke8 37. Bd2 Kd7 38. Ba5 Na8 39. Kc3 N8c7 40. Bc2 Bf8 41. Na7 1-0

[Event "Reykjavik Open"]
[Site "Reykjavik ISL"]
[Date "2012.03.06"]
[Round "1.25"]
[White "Roberts, Lynda"]
[Black "Kristjansson, Stefan"]
[Result "0-1"]
[BlackTitle "GM"]
[WhiteElo "1960"]
[BlackElo "2500"]
[WhiteFideId "1800191"]
[BlackFideId "2301172"]
[EventDate "2012.03.06"]

1. e4 c5 2. Nc3 Nc6 3. g3 g6 4. Bg2 Bg7 5. d3 e6 6. Be3 d6 7. Qd2 h6 8. Nge2 Nd4
9. O-O Ne7 10. Nd1 Rb8 11. c3 Nxe2+ 12. Qxe2 b5 13. d4 Qc7 14. b4 c4 15. Nb2 O-O
16. Qd2 Kh7 17. a4 f5 18. f4 fxe4 19. Bxe4 a6 20. a5 Bb7 21. Bxb7 Qxb7 22. Rae1
Rbe8 23. Bf2 Nd5 24. Nd1 Nf6 25. Qc2 Qd5 26. h3 Rf7 27. Ne3 Qf3 28. Ng2 Nd5 29.
Nh4 Qd3 30. Qxd3 cxd3 31. Rc1 Rc7 32. Be1 Bxd4+ 0-1

[Event "Reykjavik Open"]
[Site "Reykjavik ISL"]
[Date "2012.03.06"]
[Round "1.27"]
[White "Calder, Dennis"]
[Black "Gretarsson, Hjorvar Steinn"]
[Result "0-1"]
[BlackTitle "IM"]
[WhiteElo "1948"]
[BlackElo "2460"]
[WhiteFideId "4697359"]
[BlackFideId "2302241"]
[EventDate "2012.03.06"]

1. d4 Nf6 2. Nf3 e6 3. c4 c5 4. Nc3 cxd4 5. Nxd4 Bb4 6. Qb3 Na6 7. Nc2 Be7 8. a3
O-O 9. Nb4 Nc5 10. Qc2 d5 11. e3 a5 12. Nd3 b6 13. cxd5 exd5 14. Nxc5 bxc5 15.
Be2 Bb7 16. O-O Qc7 17. Nb5 Qc6 18. a4 Ne4 19. b3 Qh6 20. Bb2 Rad8 21. Rfe1 Nxf2
22. Kxf2 Qxh2 23. Bf3 d4 24. Bxb7 d3 25. Qc4 Bh4+ 26. Qxh4 Qxh4+ 27. Kg1 d2 28.
Red1 Qe7 0-1

[Event "Reykjavik Open"]
[Site "Reykjavik ISL"]
[Date "2012.03.06"]
[Round "1.29"]
[White "Sigurjonsson, Siguringi"]
[Black "Hunt, Adam C"]
[Result "0-1"]
[BlackTitle "IM"]
[WhiteElo "1944"]
[BlackElo "2454"]
[WhiteFideId "2300397"]
[BlackFideId "403970"]
[EventDate "2012.03.06"]

1. e4 c5 2. d3 e6 3. g3 d5 4. Qe2 Nc6 5. c3 Nf6 6. e5 Nd7 7. Nf3 Be7 8. h4 b5 9.
Bh3 b4 10. Bf4 a5 11. O-O Nb6 12. Nbd2 Na4 13. c4 Nxb2 14. cxd5 Qxd5 15. Ne4
Qxd3 16. Qxb2 Qxe4 17. Bg2 Bb7 18. Rfe1 Qc4 19. Nd2 Qa6 20. Bf1 Qa7 21. Bb5 O-O
22. Nf3 Nd4 23. Nxd4 cxd4 24. Bd3 Rac8 25. Qe2 Qa8 26. Kh2 Bf3 27. Qd2 Rc3 28.
Rg1 Be4 29. Be2 Rc2 30. Qd1 d3 0-1

[Event "Reykjavik Open"]
[Site "Reykjavik ISL"]
[Date "2012.03.06"]
[Round "1.32"]
[White "Zumsande, Martin"]
[Black "Johannsson, Orn Leo"]
[Result "1-0"]
[WhiteTitle "IM"]
[WhiteElo "2439"]
[BlackElo "1939"]
[WhiteFideId "4651324"]
[BlackFideId "2303051"]
[EventDate "2012.03.06"]

1. e4 e6 2. d4 d5 3. Nc3 Nf6 4. Bg5 Be7 5. e5 Nfd7 6. Bxe7 Qxe7 7. Qd2 O-O 8. f4
c5 9. Nf3 Nc6 10. dxc5 f6 11. exf6 Qxf6 12. g3 Nxc5 13. Bd3 Nxd3+ 14. cxd3 Bd7
15. O-O Be8 16. Rae1 Bg6 17. Ne5 Rae8 18. Nb5 Re7 19. Qc3 Bf5 20. Nd4 Bh3 21.
Rf2 Nd8 22. Qd2 h6 23. Qe3 Nf7 24. Nxf7 Qxf7 25. Qe5 a6 26. a4 Qf6 27. Rf3 Rfe8
28. Rfe3 Kf7 29. Kf2 Bf5 30. Ke2 Qg6 31. Kd2 Bg4 32. h4 Qf6 33. Rc1 g6 34. a5
Qxe5 35. Rxe5 h5 36. Nb3 Kf6 37. Nc5 Rc7 38. Ne4+ 1-0

[Event "Reykjavik Open"]
[Site "Reykjavik ISL"]
[Date "2012.03.06"]
[Round "1.33"]
[White "Zachariassen, John"]
[Black "Kristiansen, Jens"]
[Result "0-1"]
[BlackTitle "IM"]
[WhiteElo "1939"]
[BlackElo "2432"]
[WhiteFideId "1405535"]
[BlackFideId "1400061"]
[EventDate "2012.03.06"]

1. Nf3 g6 2. e4 Bg7 3. d3 c5 4. Be2 Nc6 5. c3 d5 6. Nbd2 Nf6 7. Qc2 O-O 8. Nf1
Qc7 9. Ng3 b6 10. Bd2 Bb7 11. Rc1 Rad8 12. O-O h6 13. Ne1 c4 14. exd5 cxd3 15.
Bxd3 Nxd5 16. Rd1 Ne5 17. Be2 e6 18. c4 Ne7 19. Be3 Rxd1 20. Qxd1 h5 21. f4 Nxc4 0-1

[Event "Reykjavik Open"]
[Site "Reykjavik ISL"]
[Date "2012.03.06"]
[Round "1.34"]
[White "Gunnarsson, Jon Viktor"]
[Black "Hynna, Kevin"]
[Result "1-0"]
[WhiteTitle "IM"]
[WhiteElo "2424"]
[BlackElo "1936"]
[WhiteFideId "2300931"]
[BlackFideId "501484"]
[EventDate "2012.03.06"]

1. e4 c6 2. Ne2 d5 3. e5 Bf5 4. Ng3 Bg6 5. h4 h6 6. h5 Bh7 7. e6 fxe6 8. d4 Qd6
9. f4 g5 10. hxg6 Bxg6 11. Bd3 Bf7 12. Be3 Nf6 13. Nd2 h5 14. Nf3 Ng4 15. Bd2
Nd7 16. Qe2 Bh6 17. Ne5 Ndf6 18. O-O-O c5 19. dxc5 Qxc5 20. Nxf7 Kxf7 21. Rde1
Qd6 22. Nxh5 Rag8 23. g3 Qb6 24. Nxf6 exf6 25. Ref1 f5 26. c3 Bf8 27. Kc2 Bc5
28. b4 Be7 29. a3 Rc8 30. Re1 Bf6 31. Kb3 Qc6 32. Bb5 Qd6 33. Qf3 a6 34. Bd3 b5
35. Rxh8 Rxh8 36. Rh1 Rxh1 37. Qxh1 Kg6 38. Qf3 Qb6 39. Qxg4+ Kf7 40. Qh5+ Kg7
41. Qe2 Qg1 42. Be1 Kf7 43. a4 1-0

[Event "Reykjavik Open"]
[Site "Reykjavik ISL"]
[Date "2012.03.06"]
[Round "1.35"]
[White "Guisset, Philippe"]
[Black "Akshayraj, Kore"]
[Result "0-1"]
[BlackTitle "IM"]
[WhiteElo "1926"]
[BlackElo "2422"]
[WhiteFideId "206628"]
[BlackFideId "5012414"]
[EventDate "2012.03.06"]

1. c4 Nf6 2. g3 c6 3. Nf3 d5 4. Bg2 Bf5 5. Qb3 Qb6 6. Qxb6 axb6 7. cxd5 cxd5 8.
Nc3 Nc6 9. O-O e6 10. d3 Bc5 11. Nb5 O-O 12. d4 Be7 13. Bf4 Ne4 14. Nd2 Nxd2 15.
Bxd2 Bc2 16. Rfe1 Ba4 17. Nc7 Rac8 18. b3 Rxc7 19. bxa4 Nxd4 20. e4 Nc2 21. Bf4
Rc4 22. exd5 Nxa1 23. Rxa1 exd5 24. Bxd5 Rxa4 0-1

[Event "Reykjavik Open"]
[Site "Reykjavik ISL"]
[Date "2012.03.06"]
[Round "1.36"]
[White "Thorfinnsson, Bragi"]
[Black "Thjomoe, Hans Richard"]
[Result "1-0"]
[WhiteTitle "IM"]
[WhiteElo "2421"]
[BlackElo "1926"]
[WhiteFideId "2300958"]
[BlackFideId "1506412"]
[EventDate "2012.03.06"]

1. e4 e5 2. Nf3 Nc6 3. d4 exd4 4. Nxd4 Bc5 5. Nb3 Bb6 6. Nc3 Qf6 7. Qe2 Nge7 8.
Be3 O-O 9. O-O-O d6 10. h4 Be6 11. f3 Bxe3+ 12. Qxe3 a5 13. a4 Ne5 14. Be2 Nc4
15. Qg5 Qxg5+ 16. hxg5 Ne3 17. Rdg1 f6 18. Nd4 Bf7 19. gxf6 gxf6 20. g4 Ng6 21.
Nf5 Nc4 22. Nh6+ 1-0

[Event "Reykjavik Open"]
[Site "Reykjavik ISL"]
[Date "2012.03.06"]
[Round "1.37"]
[White "Knudsen, Jes West"]
[Black "Lund, Silas"]
[Result "1/2-1/2"]
[BlackTitle "IM"]
[WhiteElo "1913"]
[BlackElo "2417"]
[WhiteFideId "1405985"]
[BlackFideId "1405454"]
[EventDate "2012.03.06"]

1. e4 c5 2. b4 cxb4 3. Bb2 Nc6 4. d4 d5 5. exd5 Qxd5 6. c4 Qe4+ 7. Ne2 Bf5 8.
Nd2 Qc2 9. Qxc2 Bxc2 10. d5 Na5 11. Nd4 Ba4 12. Bd3 O-O-O 13. a3 b3 14. Bc3 b6
15. Bxa5 bxa5 16. N4xb3 e6 17. O-O Nf6 18. Nxa5 exd5 19. cxd5 Rxd5 20. Ba6+ Kc7
21. Nab3 Bd6 22. Bc4 Rh5 23. g3 Ng4 24. Bxf7 Rxh2 25. Nd4 Bxg3 26. Ne4 Bxf2+ 27.
Nxf2 Rxf2 28. Rxf2 Nxf2 29. Kxf2 Kd6 30. Bh5 g6 31. Bf3 Rb8 32. Rh1 Rb2+ 33. Ke3
Ra2 34. Rxh7 Rxa3+ 35. Kf4 Be8 36. Rh8 Ra4 37. Rxe8 1/2-1/2

[Event "Reykjavik Open"]
[Site "Reykjavik ISL"]
[Date "2012.03.06"]
[Round "1.38"]
[White "Thorfinnsson, Bjorn"]
[Black "Mehringer, Joerg"]
[Result "1-0"]
[WhiteTitle "IM"]
[WhiteElo "2416"]
[BlackElo "1903"]
[WhiteFideId "2300982"]
[BlackFideId "12915351"]
[EventDate "2012.03.06"]

1. Nf3 Nf6 2. c4 g6 3. d4 Bg7 4. Nc3 O-O 5. g3 d6 6. Bg2 Nc6 7. d5 Nb8 8. e4 Bg4
9. h3 Bxf3 10. Bxf3 Nbd7 11. Be3 c5 12. Qd2 Re8 13. g4 Qa5 14. Be2 Nb6 15. f3 a6
16. Qc2 Nbd7 17. Kf2 Rf8 18. h4 Qc7 19. h5 e6 20. g5 Ne8 21. hxg6 hxg6 22. Qc1
Nb6 23. Qf1 exd5 24. Qh3 f6 25. exd5 f5 26. Qh7+ Kf7 27. Rh6 Qd7 28. Qxg6+ Ke7
29. Rh7 Kd8 30. f4 Qf7 31. Qe6 Qe7 32. Bxc5 dxc5 33. Qxb6+ Nc7 34. Rxg7 Qxg7 35.
d6 Qd4+ 36. Kg2 1-0

[Event "Reykjavik Open"]
[Site "Reykjavik ISL"]
[Date "2012.03.06"]
[Round "1.39"]
[White "Ziska, Andrias"]
[Black "Trella, Thomas"]
[Result "0-1"]
[BlackTitle "FM"]
[WhiteElo "1900"]
[BlackElo "2410"]
[WhiteFideId "7200587"]
[BlackFideId "24620513"]
[EventDate "2012.03.06"]

1. e4 e6 2. d4 d5 3. exd5 exd5 4. Nf3 Nc6 5. Be2 Bd6 6. O-O Nge7 7. Re1 O-O 8.
Nbd2 Ng6 9. b3 Bf5 10. Nf1 Nf4 11. Ne3 Nxe2+ 12. Rxe2 Be4 13. Ne1 Re8 14. f3 Bg6
15. c3 Ne7 16. Nd3 f6 17. a4 c6 18. Raa2 Qc7 19. Nf1 b6 20. Ba3 c5 21. Rad2 Rac8
22. g3 Qd7 23. dxc5 bxc5 24. Nf2 Qb7 25. Kg2 Rb8 26. Rb2 Qc6 27. Nd3 a5 28. Re6
Qd7 29. Rxd6 Qxd6 30. Bxc5 Qc6 31. Bd4 Nf5 32. Nf4 Bf7 33. Qd3 Nxd4 34. Qxd4
Rec8 35. Ne2 Qb6 36. Qd2 Qc5 37. Ne3 Qa3 38. Nd4 Qc5 39. Nd1 Rb7 40. Nb5 Kf8 41.
b4 Qc6 42. bxa5 Ra8 43. Qd4 Qc4 44. Qxc4 dxc4 45. Ne3 Rxa5 46. Rb4 Rb8 47. Nxc4
Bxc4 48. Rxc4 Rba8 49. h4 Rxa4 50. Rc7 Rd8 51. h5 Ra2+ 52. Kh3 Rd5 53. c4 Rxh5+
54. Kg4 Re5 55. f4 h5+ 56. Kf3 Re8 57. c5 g5 58. fxg5 fxg5 59. Rh7 g4+ 60. Kf4
Rf2+ 61. Kg5 Re5+ 62. Kg6 Re6+ 63. Kg5 Re5+ 64. Kg6 Rxc5 0-1

[Event "Reykjavik Open"]
[Site "Reykjavik ISL"]
[Date "2012.03.06"]
[Round "1.41"]
[White "Helin, Mikael"]
[Black "Thorhallsson, Throstur"]
[Result "0-1"]
[BlackTitle "GM"]
[WhiteElo "1884"]
[BlackElo "2398"]
[WhiteFideId "1703838"]
[BlackFideId "2300109"]
[EventDate "2012.03.06"]

1. e4 c5 2. Nc3 e6 3. Nge2 Nc6 4. g3 Nf6 5. Bg2 Be7 6. O-O O-O 7. f4 d5 8. e5
Nd7 9. h3 f6 10. exf6 Nxf6 11. Kh2 Rb8 12. g4 b5 13. Ng3 b4 14. Nce2 Bd6 15. d3
Bb7 16. Kg1 Qc7 17. g5 Nd7 18. f5 Nb6 19. Nf4 Nd4 20. c3 Nxf5 21. Nxe6 Qe7 22.
Nxf5 Qxe6 23. Qg4 Rbe8 24. Bd2 Bc8 25. Rae1 Qg6 26. Rxe8 Rxe8 27. h4 h5 28. Qf3
Rf8 29. Bh3 bxc3 30. bxc3 Kh7 31. a4 Be6 32. a5 Nc8 33. Bf4 Bxf5 34. Bxd6 Nxd6
35. Qxd5 Rf7 36. Bg2 Bxd3 37. Rxf7 Nxf7 38. Qxc5 Be4 39. Bxe4 Qxe4 40. Qxa7 Ne5
41. Qb6 Qe2 42. Qb1+ Kg8 43. Qb8+ Kh7 44. Qb1+ Nd3 45. g6+ Kh6 46. Qb6 Nf4 47.
Qc6 Qe1+ 48. Kh2 Qxh4+ 49. Kg1 Qe1+ 50. Kh2 Qf2+ 51. Kh1 Ne2 52. Qg2 Qh4+ 53.
Qh2 Qxh2+ 54. Kxh2 Nxc3 55. Kg3 Kxg6 0-1

[Event "Reykjavik Open"]
[Site "Reykjavik ISL"]
[Date "2012.03.06"]
[Round "1.42"]
[White "L'Ami, Alina"]
[Black "Karlsson, Mikael Johann"]
[Result "1-0"]
[WhiteTitle "WGM"]
[WhiteElo "2372"]
[BlackElo "1884"]
[WhiteFideId "1210246"]
[BlackFideId "2305194"]
[EventDate "2012.03.06"]

1. d4 Nf6 2. c4 e6 3. Nc3 Bb4 4. Qc2 d5 5. cxd5 exd5 6. Bg5 O-O 7. e3 Nbd7 8.
Bd3 h6 9. Bh4 c5 10. Ne2 b6 11. O-O Bb7 12. Bf5 Bxc3 13. Nxc3 Qc7 14. Rad1 g5
15. Bg3 Qc6 16. f4 Rfe8 17. fxg5 hxg5 18. Bxd7 Nxd7 19. Qf5 Qe6 20. Qxg5+ Qg6
21. Qxg6+ fxg6 22. dxc5 Nxc5 23. Nxd5 Bxd5 24. Rxd5 Rxe3 25. Rd6 Kg7 26. b4 Nd3
27. Rd7+ Kh6 28. Rd1 Rxg3 29. hxg3 Nxb4 30. a3 Nc6 31. Rc7 Ne5 32. Re7 Nc4 33.
a4 a6 34. Rd5 Rb8 35. g4 b5 36. g5+ Kh5 37. Kh2 Nb6 38. Rde5 Kg4 39. axb5 axb5
40. Rxb5 Rh8+ 41. Kg1 Nc8 42. Re4+ Kh5 43. g3 1-0